Las enfermedades y su tratamiento por las plantas (Record no. 149943)

MARC details
000 -LEADER
campo de control de longitud fija 00568nam a2200181 i 4500
001 - NÚMERO DE CONTROL
campo de control 149943
003 - IDENTIFICADOR DE NÚMERO DE CONTROL
campo de control ES-MaACL
005 - FECHA Y HORA DE LA ÚLTIMA TRANSACCIÓN
campo de control 20230906203323.0
007 - CAMPO FIJO DE DESCRIPCIÓN FÍSICA--INFORMACIÓN GENERAL
campo de control de longitud fija t|
008 - DATOS DE LONGITUD FIJA--INFORMACIÓN GENERAL
campo de control de longitud fija 071025s1955 sp ||||1| spa d
100 1# - ENTRADA PRINCIPAL--NOMBRE DE PERSONA
Nombre de persona Vander, Adrianus.
9 (RLIN) 113059
245 14 - MENCIÓN DEL TÍTULO
Título Las enfermedades y su tratamiento por las plantas
Resto del título : tratado práctico de medicina vegetal... /
Mención de responsabilidad, etc. Adrián Vander.
250 ## - MENCION DE EDICION
Mención de edición 4ª ed.
260 ## - PUBLICACIÓN, DISTRIBUCIÓN, ETC.
Lugar de publicación, distribución, etc. Barcelona :
Nombre del editor, distribuidor, etc. Sintes,
Fecha de publicación, distribución, etc. 1955.
300 ## - DESCRIPCIÓN FÍSICA
Extensión 282 p., 8 lám. :
Otras características físicas il. ;
Dimensiones 29 cm.
650 04 - PUNTO DE ACCESO ADICIONAL DE MATERIA--TÉRMINO DE MATERIA
Término de materia o nombre geográfico como elemento de entrada Fitoterapia.
9 (RLIN) 12893
852 ## - LOCALIZACIÓN
Ubicación ES-MaACL
Número de control de estantería C-14135
Sublocalización o colección R.42025
Holdings
Estatus retirado Estado de pérdida Estado de daño No para préstamo Biblioteca de origen Biblioteca actual Ubicación en estantería Fecha de adquisición Fuente de adquisición Total de préstamos Signatura topográfica completa Código de barras Visto por última vez Precio de reemplazo Tipo de ítem Koha
        Biblioteca del Ateneo de Madrid Biblioteca del Ateneo de Madrid Sala Palomar 17/01/2008     C-14135 1156463 23/02/2023 23/02/2023 Libro impreso